LEADER 00910nam0-22003011i-450- 001 990005279120403321 005 20070613103344.0 035 $a000527912 035 $aFED01000527912 035 $a(Aleph)000527912FED01 035 $a000527912 100 $a19990604d1971----km-y0itay50------ba 101 0 $aita 105 $ay-------001yy 200 1 $a<>teologia e il regno di Dio$fWolfhart Pannenberg$gcon una introduzione di John Richard Neuhais 210 $aRoma$cHerder$cMorcelliana$dc1971 215 $a164 p.$d21 cm 304 $aTrad. dall'inglese di Giorgio Guala 676 $a231 700 1$aPannenberg,$bWolfhart$f<1928- >$0205859 702 1$aNeuhaus,$bRichard John 801 0$aIT$bUNINA$gRICA$2UNIMARC 901 $aBK 912 $a990005279120403321 952 $a231 PAN 1$bST.REL. 1654$fFLFBC 959 $aFLFBC 996 $aTeologia e il regno di Dio$9537486 997 $aUNINA LEADER 01050nam0-22003611i-450- 001 990003755910403321 005 20051207152125.0 035 $a000375591 035 $aFED01000375591 035 $a(Aleph)000375591FED01 035 $a000375591 100 $a20030910d1979----km-y0itay50------ba 101 0 $aita 102 $aIT 105 $ay-------001yy 200 1 $aInterferenze$elo stato, la vita familiare, la vita privata$fL[aura] Balbo, C[laudio] Fracassi ... [et al.]$ga cura di Laura Balbo e Renate Siebert-Zahar 205 $a1.ed. 210 $aMilano$cFeltrinelli$d1979 215 $a271 p.$d20 cm 225 1 $aReadings$v16 610 0 $aDonne$aCondizioni sociali 676 $a305.42 676 $a306.872 702 1$aBalbo,$bLaura$f<1933- > 702 1$aSiebert,$bRenate$f<1942- > 801 0$aIT$bUNINA$gRICA$2UNIMARC 901 $aBK 912 $a990003755910403321 952 $a305.42 BAL 1$b3648$fBFS 952 $a305.42 BAL 1BIS$b1548$fBFS 959 $aBFS 996 $aInterferenze$9508704 997 $aUNINA LEADER 01061nam a2200277 i 4500 001 991001698119707536 005 20020507150712.0 008 990723s1998 it ||| | ita 020 $a8814071284 035 $ab11551197-39ule_inst 035 $aLE02723441$9ExL 040 $aDip.to Studi Giuridici$bita 084 $aC-V/A 100 1 $aPattaro, Enrico$0230640 245 10$aApplicazione e tecnica legislativa :$batti del convegno, Bologna, 9-10 maggio 1997 /$ca cura di Enrico Pattaro e Francesca Zannotti 260 $aMilano :$bA. Giuffrè,$c1998 300 $axiv, 443 p. :$bill. ;$c24 cm. 490 0 $aSeminario giuridico della Università di Bologna. Miscellanee ;$v20 650 4$aLeggi 700 1 $aZannotti, Francesca 907 $a.b11551197$b01-03-17$c02-07-02 912 $a991001698119707536 945 $aLE027 C-V/A 20$g1$iLE027I-3818$lle027$o-$pE0.00$q-$rl$s- $t0$u0$v0$w0$x0$y.i11751186$z02-07-02 996 $aApplicazione e tecnica legislativa$9895076 997 $aUNISALENTO 998 $ale027$b01-01-99$cm$da $e-$fita$git $h0$i1 LEADER 02607nam 22005653u 450 001 9910777011903321 005 20230617035341.0 010 $a1-280-70413-6 010 $a9786610704132 010 $a0-19-802842-3 010 $a0-19-534737-4 035 $a(CKB)1000000000415548 035 $a(EBL)431214 035 $a(OCoLC)609832158 035 $a(SSID)ssj0000299468 035 $a(PQKBManifestationID)11204758 035 $a(PQKBTitleCode)TC0000299468 035 $a(PQKBWorkID)10242536 035 $a(PQKB)11543975 035 $a(MiAaPQ)EBC431214 035 $a(EXLCZ)991000000000415548 100 $a20140113d2003|||| u|| | 101 0 $aeng 135 $aur|n|---||||| 181 $ctxt 182 $cc 183 $acr 200 10$aIn the Interests of Justice$b[electronic resource] $eReforming the Legal Profession 210 $aOxford $cOxford University Press, USA$d2003 215 $a1 online resource (283 p.) 300 $aDescription based upon print version of record. 311 $a0-19-516554-3 327 $aContents; Acknowledgments; ONE: The Profession and the Public Interest; TWO: Lawyers and Their Discontent; THREE: The Advocate's Role in the Adversary System; FOUR: America's Sporting Theory of Justice; FIVE: Too Much Law/Too Little Justice: Too Much Rhetoric/Too Little Reform; SIX: Regulation of the Profession; SEVEN: Legal Education; EIGHT: Professional Reform; Notes; Index 330 $aTwo thousand years ago, Seneca described advocates not as seekers of truth but as accessories to injustice, ""smothered by their prosperity."" This unflattering assessment has only worsened over time. The vast majority of Americans now perceive lawyers as arrogant, unaffordable hired guns whose ethical practices rank just slightly above those of used car salesmen. In this penetrating new book, Deborah L. Rhode goes beyond the commonplace attacks on lawyers to provide the first systematic study of the structural problems confronting the legal profession. A past president of the Association of A 606 $aLaw offices -- United States 606 $aLawyers -- United States 606 $aPractice of law -- United States 615 4$aLaw offices -- United States. 615 4$aLawyers -- United States. 615 4$aPractice of law -- United States. 676 $a340.02373 676 $a349.73 700 $aRhode$b Deborah L$0899066 801 0$bAU-PeEL 801 1$bAU-PeEL 801 2$bAU-PeEL 906 $aBOOK 912 $a9910777011903321 996 $aIn the Interests of Justice$93821807 997 $aUNINA